[Event "Budapest FS04 IM"]
[Site "Budapest"]
[Date "2022.04.04"]
[Round "3"]
[White "Papp, Gellert"]
[Black "Ilincic, Zlatko"]
[Result "1/2-1/2"]
[WhiteElo "2272"]
[BlackElo "2296"]
[PlyCount "83"]
[EventDate "2022.04.02"]
[EventType "tourn"]
[EventRounds "9"]
[EventCountry "HUN"]
[EventCategory "1"]
[SourceTitle "CBM 207 Extra"]
[Source "ChessBase"]
[SourceDate "2022.05.31"]
[SourceVersion "1"]
[SourceVersionDate "2022.05.31"]
[SourceQuality "1"]

1. g3 f5 2. Nf3 Nf6 3. Bg2 c5 4. c4 Qc7 5. d4 cxd4 6. Nxd4 Qxc4 7. Nxf5 e6 8. Ne3 Qa6 9. Nc3 d5 10. 0-0 Bb4 11. a4 0-0 12. Nb5 Rf7 13. Nc2 Bf8 14. Bg5 Nc6 15. Bxf6 gxf6 16. e4 dxe4 17. Bxe4 f5 18. Bg2 Qa5 19. Qe1 Qb6 20. Qe3 Bc5 21. Qc3 a6 22. Bxc6 Qxc6 23. Nbd4 Bxd4 24. Nxd4 Qxc3 25. bxc3 Rc7 26. Ra3 Bd7 27. Re1 Kf7 28. f4 Rd8 29. Kf2 Bc8 30. Re5 b6 31. Ke3 Rd6 32. h3 Bd7 33. g4 fxg4 34. hxg4 Rc4 35. Rh5 Kg8 36. Rg5+ Kh8 37. Nf3 Be8 38. Ne5 Rc5 39. Nf3 Rc4 40. Ne5 Rc8 41. Nf3 Rc4 42. Ne5 1/2-1/2

[Event "Budapest FS03 GM"]
[Site "Budapest"]
[Date "2022.03.09"]
[Round "5"]
[White "Papp, Gellert"]
[Black "Pasti, Aron"]
[Result "0-1"]
[WhiteElo "2289"]
[BlackElo "2398"]
[PlyCount "84"]
[EventDate "2022.03.05"]
[EventType "tourn"]
[EventRounds "9"]
[EventCountry "HUN"]
[EventCategory "6"]
[SourceTitle "CBM 207 Extra"]
[Source "ChessBase"]
[SourceDate "2022.05.31"]
[SourceVersion "1"]
[SourceVersionDate "2022.05.31"]
[SourceQuality "1"]

1. e4 e5 2. Nf3 Nc6 3. Bb5 a6 4. Ba4 Nf6 5. 0-0 Be7 6. Re1 b5 7. Bb3 d6 8. c3 0-0 9. h3 Na5 10. Bc2 c5 11. d4 Qc7 12. d5 Nd7 13. b3 Nb6 14. Nbd2 Nb7 15. Nf1 a5 16. a3 Bd7 17. Ne3 c4 18. b4 axb4 19. cxb4 g6 20. Ng4 h5 21. Nh6+ Kg7 22. Ng5 Nd8 23. Nf5+ gxf5 24. exf5 Rh8 25. h4 Bxg5 26. hxg5 f6 27. g6 Nc8 28. Re3 Ne7 29. Rh3 Nb7 30. a4 Nxf5 31. a5 Nd4 32. Rxh5 Rxh5 33. Qxh5 Rh8 34. Qxh8+ Kxh8 35. a6 Qb8 36. a7 Qa8 37. Bd1 c3 38. Ra3 c2 39. Bh5 Kg7 40. Rc3 Qxa7 41. Rc7 Qa1 42. Rxd7+ Kg8 0-1

[Event "Budapest FS03 GM"]
[Site "Budapest"]
[Date "2022.03.08"]
[Round "4"]
[White "Ajay Krishna, S."]
[Black "Papp, Gellert"]
[Result "1-0"]
[WhiteElo "2399"]
[BlackElo "2289"]
[PlyCount "56"]
[EventDate "2022.03.05"]
[EventType "tourn"]
[EventRounds "9"]
[EventCountry "HUN"]
[EventCategory "6"]
[SourceTitle "CBM 207 Extra"]
[Source "ChessBase"]
[SourceDate "2022.05.31"]
[SourceVersion "1"]
[SourceVersionDate "2022.05.31"]
[SourceQuality "1"]

1. d4 Nf6 2. c4 g6 3. Nf3 Bg7 4. g3 0-0 5. Bg2 c5 6. d5 e6 7. Nc3 exd5 8. cxd5 d6 9. 0-0 Re8 10. Nd2 a6 11. a4 Nbd7 12. h3 Rb8 13. Rb1 b5 14. axb5 axb5 15. b4 cxb4 16. Na2 Ne5 17. Nxb4 Bf5 18. Ra1 Qc8 19. g4 Qc3 20. Ba3 Nexg4 21. hxg4 Nxg4 22. Ra2 Ra8 23. e4 Rxa3 24. exf5 Ne3 25. Rxa3 Qxa3 26. Nc2 Nxc2 27. Qxc2 Bd4 28. Ne4 Kg7 1-0

[Event "Budapest FS03 GM"]
[Site "Budapest"]
[Date "2022.03.06"]
[Round "2"]
[White "Bhakti, Kulkarni"]
[Black "Papp, Gellert"]
[Result "1-0"]
[WhiteElo "2388"]
[BlackElo "2289"]
[PlyCount "89"]
[EventDate "2022.03.05"]
[EventType "tourn"]
[EventRounds "9"]
[EventCountry "HUN"]
[EventCategory "6"]
[SourceTitle "CBM 207 Extra"]
[Source "ChessBase"]
[SourceDate "2022.05.31"]
[SourceVersion "1"]
[SourceVersionDate "2022.05.31"]
[SourceQuality "1"]

1. d4 d5 2. c4 e6 3. cxd5 exd5 4. Nc3 c6 5. Qc2 Na6 6. a3 Ne7 7. Bg5 Nc7 8. Nf3 f6 9. Bf4 Bf5 10. Qd2 Ne6 11. Bg3 Nc8 12. Nh4 Bg4 13. h3 Bh5 14. e3 Nd6 15. Bd3 Bf7 16. 0-0 g6 17. b4 Be7 18. b5 Qa5 19. Nf3 Kf8 20. bxc6 bxc6 21. Rfc1 Kg7 22. Na2 Qxd2 23. Nxd2 c5 24. dxc5 Nb7 25. c6 Nbc5 26. Be2 Rac8 27. Nb4 Nc7 28. Bg4 a5 29. Bxc8 Rxc8 30. Nc2 Nd3 31. Rcb1 Ne6 32. Nf3 Rxc6 33. Ncd4 Nxd4 34. Nxd4 Rc3 35. Rb7 Kf8 36. Rb8+ Kg7 37. Rab1 Nc5 38. Nb5 Rc2 39. Rc8 Ra2 40. Rc7 Bf8 41. Bd6 Ne4 42. Bxf8+ Kxf8 43. Nc3 Rc2 44. Rb8+ Kg7 45. Nxd5 1-0

[Event "Budapest Vezerkepzo IM 02"]
[Site "Budapest"]
[Date "2022.03.02"]
[Round "8"]
[White "Konyves, Almos"]
[Black "Papp, Gellert"]
[Result "1-0"]
[WhiteElo "2159"]
[BlackElo "2283"]
[PlyCount "119"]
[EventDate "2022.02.22"]
[EventType "tourn"]
[EventRounds "9"]
[EventCountry "HUN"]
[SourceTitle "CBM 207 Extra"]
[Source "ChessBase"]
[SourceDate "2022.05.31"]
[SourceVersion "1"]
[SourceVersionDate "2022.05.31"]
[SourceQuality "1"]

1. d4 d5 2. c4 e6 3. Nc3 c6 4. cxd5 exd5 5. Nf3 Bf5 6. Bf4 Qb6 7. Qd2 Nf6 8. a3 Be7 9. e3 Nbd7 10. h3 0-0 11. Be2 Rfe8 12. 0-0 a5 13. Bh2 a4 14. Rac1 h6 15. Ne5 Nxe5 16. Bxe5 Ne4 17. Nxe4 Bxe4 18. Rc3 Bf8 19. Bf4 Qd8 20. Re1 Qd7 21. Kh2 Be7 22. Bd1 Bd8 23. Rc5 Bb6 24. Qb4 Bxc5 25. dxc5 Bf5 26. Bf3 d4 27. Rd1 d3 28. e4 Bg6 29. Bd6 Qe6 30. Rxd3 Bxe4 31. Re3 f5 32. Qxb7 Qf7 33. Qb6 Bd5 34. Bxd5 Qxd5 35. Rg3 Rac8 36. Qa7 Qd4 37. Qb7 g5 38. f4 Qg7 39. Qa6 Qd4 40. fxg5 h5 41. Rf3 Rcd8 42. Rxf5 Rxd6 43. cxd6 Qxd6+ 44. Kh1 Re1+ 45. Rf1 Qd1 46. Qc8+ Kh7 47. Qf5+ Kg8 48. Qg6+ Kh8 49. Qe8+ Rxe8 50. Rxd1 Re5 51. Rd4 Rxg5 52. Rxa4 Kg7 53. Rc4 c5 54. a4 Kf6 55. a5 Ke6 56. a6 Kd6 57. a7 Rg8 58. Ra4 Ra8 59. g4 hxg4 60. hxg4 1-0

[Event "Budapest FS12 IM"]
[Site "Budapest"]
[Date "2019.12.07"]
[Round "1"]
[White "Papp, Gellert"]
[Black "Lyell, Mark"]
[Result "1-0"]
[WhiteElo "2276"]
[BlackElo "2265"]
[PlyCount "85"]
[EventDate "2019.12.07"]
[EventType "tourn"]
[EventRounds "9"]
[EventCountry "HUN"]
[EventCategory "2"]
[SourceTitle "CBM 193 Extra"]
[Source "ChessBase"]
[SourceDate "2020.01.31"]
[SourceVersion "1"]
[SourceVersionDate "2020.01.31"]
[SourceQuality "1"]

1. e4 c6 2. d4 d5 3. e5 c5 4. dxc5 Nc6 5. a3 Nxe5 6. b4 g6 7. Bb5+ Bd7 8. Qxd5 Bxb5 9. Qxe5 Nf6 10. Nc3 Bc6 11. Nf3 Bg7 12. Bb2 Bxf3 13. gxf3 0-0 14. 0-0 Nh5 15. Qe4 e6 16. Rad1 Qg5+ 17. Kh1 Rad8 18. Bc1 Qf6 19. Nb5 Qe7 20. Nxa7 Nf6 21. Qh4 Rxd1 22. Rxd1 b6 23. cxb6 Qb7 24. Kg2 Nd5 25. c4 Nxb6 26. Nb5 f5 27. Nd6 Qc7 28. c5 Nd5 29. Qc4 Kh8 30. Rxd5 exd5 31. Qxd5 Bf6 32. Bh6 Bg7 33. Bxg7+ Kxg7 34. f4 Qa7 35. Qd4+ Kg8 36. Qc4+ Kg7 37. Qc3+ Kh6 38. b5 Qa4 39. c6 g5 40. fxg5+ Kg6 41. c7 Qg4+ 42. Qg3 Qa4 43. c8Q 1-0

[Event "Budapest Rigochess IM"]
[Site "Budapest"]
[Date "2019.12.02"]
[Round "9"]
[White "Papp, Gellert"]
[Black "Lyell, Mark"]
[Result "0-1"]
[WhiteElo "2276"]
[BlackElo "2265"]
[PlyCount "186"]
[EventDate "2019.11.25"]
[EventType "tourn"]
[EventRounds "9"]
[EventCountry "HUN"]
[EventCategory "3"]
[SourceTitle "CBM 193 Extra"]
[Source "ChessBase"]
[SourceDate "2020.01.31"]
[SourceVersion "1"]
[SourceVersionDate "2020.01.31"]
[SourceQuality "1"]

1. e4 e6 2. d4 d5 3. Nc3 Nf6 4. e5 Nfd7 5. f4 c5 6. Nf3 Nc6 7. Be3 cxd4 8. Nxd4 Bc5 9. Qd2 0-0 10. 0-0-0 a6 11. Qf2 Bxd4 12. Bxd4 b5 13. Kb1 b4 14. Ne2 a5 15. Ng3 Nxd4 16. Rxd4 Qb6 17. Nh5 f6 18. exf6 Nxf6 19. Nxf6+ Rxf6 20. Qe3 a4 21. Bd3 b3 22. a3 Bd7 23. c4 dxc4 24. Bxc4 Bb5 25. Bxb5 Qxb5 26. Rc1 Qf5+ 27. Ka1 Rff8 28. Rdc4 Rfd8 29. Rc7 Rd3 30. Qb6 Qd5 31. Re1 Rd1+ 32. Rc1 Rxc1+ 33. Rxc1 Rd8 34. g3 h6 35. Qa7 Qe4 36. Qa5 Rd4 37. Qc3 Kh7 38. Re1 Qd5 39. Kb1 Rd1+ 40. Rxd1 Qxd1+ 41. Qc1 Qd3+ 42. Ka1 h5 43. Qe1 Qc2 44. h3 g6 45. g4 Qd3 46. Qg1 hxg4 47. hxg4 Qe4 48. Qf1 Kg7 49. g5 e5 50. fxe5 Qxe5 51. Qc1 Kf7 52. Qc4+ Ke7 53. Qb4+ Ke6 54. Qg4+ Kd6 55. Qb4+ Kd5 56. Qb5+ Ke6 57. Qc4+ Kf5 58. Qc1 Kg4 59. Qg1+ Kh5 60. Qc1 Qxg5 61. Qh1+ Qh4 62. Qd5+ Kh6 63. Qd2+ g5 64. Qd6+ Kh5 65. Qd1+ g4 66. Qd5+ Qg5 67. Qf7+ Kh4 68. Qh7+ Kg3 69. Qd3+ Kg2 70. Qe4+ Kh2 71. Qe2+ Kh3 72. Qf1+ Kg3 73. Qd3+ Kf4 74. Qd2+ Kf5 75. Qd3+ Ke5 76. Qb5+ Kf6 77. Qc6+ Kg7 78. Qd7+ Kh6 79. Qe6+ Kh7 80. Qf7+ Kh6 81. Qe6+ Kh5 82. Qf7+ Kh4 83. Qh7+ Qh5 84. Qe7+ Kh3 85. Qh7 Qh4 86. Qd3+ g3 87. Qf3 Kh2 88. Qe4 Qh6 89. Qh7 Qh3 90. Qf5 g2 91. Qe5+ Kh1 92. Qe4 Qh2 93. Qh7 g1Q+ 0-1

[Event "Budapest Rigochess IM"]
[Site "Budapest"]
[Date "2019.11.27"]
[Round "3"]
[White "Papp, Gellert"]
[Black "Chubakov, Sultan"]
[Result "0-1"]
[WhiteElo "2276"]
[BlackElo "2158"]
[PlyCount "92"]
[EventDate "2019.11.25"]
[EventType "tourn"]
[EventRounds "9"]
[EventCountry "HUN"]
[EventCategory "3"]
[SourceTitle "CBM 193 Extra"]
[Source "ChessBase"]
[SourceDate "2020.01.31"]
[SourceVersion "1"]
[SourceVersionDate "2020.01.31"]
[SourceQuality "1"]

1. e4 c5 2. Nf3 e6 3. d4 cxd4 4. Nxd4 a6 5. Bd3 Nf6 6. 0-0 Qc7 7. Kh1 d6 8. f4 Nbd7 9. c4 g6 10. f5 gxf5 11. exf5 e5 12. Ne6 Qc6 13. Nc3 Be7 14. Nd5 Nxd5 15. cxd5 Qb6 16. Qh5 Nf6 17. Ng7+ Kd7 18. Qe2 Rg8 19. Bh6 Qd4 20. Rac1 Bd8 21. Rc4 Qxd5 22. Rd1 b5 23. Re4 Bb7 24. Bb1 Qxd1+ 25. Qxd1 Nxe4 26. Qh5 Nf6 27. Qxf7+ Be7 28. Qe6+ Kd8 29. Qb3 Bd5 30. Qd1 Kd7 31. Bc2 Rac8 32. h3 Bf8 33. Bb3 Bxb3 34. Qxb3 Rc4 35. Qe3 Bxg7 36. Bxg7 Rxg7 37. Qa7+ Rc7 38. Qxa6 Ke7 39. Qxb5 Rc1+ 40. Kh2 Rc2 41. Qb7+ Nd7 42. a4 Rcxg2+ 43. Qxg2 Rxg2+ 44. Kxg2 Nc5 45. a5 Na6 46. Kf3 d5 0-1

[Event "Budapest Rigochess IM"]
[Site "Budapest"]
[Date "2019.11.26"]
[Round "2"]
[White "Krstulovic, Alex"]
[Black "Papp, Gellert"]
[Result "1/2-1/2"]
[WhiteElo "2311"]
[BlackElo "2276"]
[PlyCount "95"]
[EventDate "2019.11.25"]
[EventType "tourn"]
[EventRounds "9"]
[EventCountry "HUN"]
[EventCategory "3"]
[SourceTitle "CBM 193 Extra"]
[Source "ChessBase"]
[SourceDate "2020.01.31"]
[SourceVersion "1"]
[SourceVersionDate "2020.01.31"]
[SourceQuality "1"]

1. d4 Nf6 2. c4 g6 3. Nc3 d5 4. Nf3 Bg7 5. h4 c6 6. Qb3 dxc4 7. Qxc4 0-0 8. e4 b5 9. Qb3 Qa5 10. e5 Be6 11. Qd1 Ne4 12. Qc2 Nxc3 13. Bd2 c5 14. bxc3 Nc6 15. Qe4 b4 16. cxb4 Nxb4 17. dxc5 Rab8 18. a3 Qa4 19. Bxb4 a5 20. Be2 Rxb4 21. Qd3 Rc4 22. 0-0 Rxc5 23. Rac1 Rd5 24. Qe3 Bg4 25. Rc4 Qd7 26. Rc5 Rb8 27. Rxd5 Qxd5 28. Rd1 Qa2 29. Rd2 Qa1+ 30. Rd1 Rb1 31. Rxb1 Qxb1+ 32. Kh2 Qb2 33. g3 Bxf3 34. Qxf3 Bxe5 35. h5 Qd2 36. Kg2 Kg7 37. a4 Bd4 38. Bc4 e6 39. hxg6 hxg6 40. Bb5 f5 41. Qe2 Qxe2 42. Bxe2 e5 43. g4 Kf6 44. gxf5 gxf5 45. Bb5 e4 46. f3 Ke5 47. fxe4 Kxe4 48. Kf1 1/2-1/2

[Event "Budapest Rigochess IM"]
[Site "Budapest"]
[Date "2019.11.25"]
[Round "1"]
[White "Papp, Gellert"]
[Black "Nemeth, Zoltan"]
[Result "1/2-1/2"]
[WhiteElo "2276"]
[BlackElo "2236"]
[PlyCount "129"]
[EventDate "2019.11.25"]
[EventType "tourn"]
[EventRounds "9"]
[EventCountry "HUN"]
[EventCategory "3"]
[SourceTitle "CBM 193 Extra"]
[Source "ChessBase"]
[SourceDate "2020.01.31"]
[SourceVersion "1"]
[SourceVersionDate "2020.01.31"]
[SourceQuality "1"]

1. e4 c5 2. Nf3 e6 3. d4 cxd4 4. Nxd4 Nf6 5. Nc3 Nc6 6. a3 Qc7 7. Be3 a6 8. Be2 Be7 9. 0-0 0-0 10. f4 d6 11. Kh1 Nxd4 12. Qxd4 e5 13. Qd3 exf4 14. Bxf4 Be6 15. Rad1 Rfd8 16. Qg3 Kf8 17. Be3 Rac8 18. Bd3 Ng4 19. Bd4 Bf6 20. Bxf6 Nxf6 21. Nd5 Bxd5 22. exd5 Re8 23. Rf5 Nd7 24. Rdf1 Ne5 25. c3 Kg8 26. Qh3 g6 27. Rf6 Nxd3 28. Qxd3 Re5 29. Qf3 Rf8 30. h3 Qe7 31. c4 Re1 32. Rxe1 Qxe1+ 33. Qf1 Qxf1+ 34. Rxf1 Re8 35. Rf6 Rd8 36. g4 h6 37. Kg2 Kg7 38. Rf4 Re8 39. Kf2 g5 40. Rd4 f5 41. gxf5 Kf6 42. b4 b6 43. Rd3 h5 44. Rc3 Rc8 45. Re3 Kxf5 46. Re6 Rxc4 47. Rxd6 Rc3 48. Rxb6 Rxa3 49. Kg2 Ra2+ 50. Kf1 Rh2 51. Rxa6 Rxh3 52. b5 Rb3 53. b6 h4 54. d6 Ke6 55. Ra5 h3 56. Kg1 g4 57. Kh2 Rb2+ 58. Kg3 Rg2+ 59. Kf4 h2 60. Rh5 Kxd6 61. Rh7 Kc6 62. b7 Rb2 63. Kxg4 Rxb7 64. Rh6+ Kd5 65. Rxh2 1/2-1/2

[Event "HUN-chT2 Maroczy 1819"]
[Site "Hungary"]
[Date "2019.04.28"]
[Round "11.5"]
[White "Papp, Gellert"]
[Black "Koczo, Kristof"]
[Result "0-1"]
[WhiteElo "2288"]
[BlackElo "2055"]
[PlyCount "78"]
[EventDate "2018.09.23"]
[EventType "team-tourn"]
[EventRounds "11"]
[EventCountry "HUN"]
[SourceTitle "EXT 2021"]
[Source "ChessBase"]
[SourceDate "2020.10.23"]
[SourceVersion "1"]
[SourceVersionDate "2020.10.23"]
[SourceQuality "1"]
[WhiteTeam "Szigetszentmiklos"]
[BlackTeam "Kobanya Aquarena II"]
[WhiteTeamCountry "HUN"]
[BlackTeamCountry "HUN"]

1. d4 d5 2. c4 c6 3. Nf3 Nf6 4. e3 Bf5 5. cxd5 cxd5 6. Nc3 e6 7. Bb5+ Nbd7 8. 0-0 a6 9. Be2 h6 10. Ne5 Bd6 11. f4 Ne4 12. Bd2 0-0 13. Bd3 Nxc3 14. Bxc3 Bxd3 15. Qxd3 Nf6 16. Nf3 Ne4 17. Nd2 f5 18. Nxe4 fxe4 19. Qe2 Rc8 20. a4 Qd7 21. Kh1 Rc4 22. Rg1 Rxa4 23. Raf1 Rc4 24. g4 Qb5 25. g5 hxg5 26. Rxg5 Rc7 27. Qg2 Rf5 28. Rg6 Qe8 29. Rg1 Qf7 30. Qh3 Rf6 31. R6g5 Kf8 32. Rh5 Ke8 33. Rh8+ Kd7 34. Qg4 Bf8 35. Qd1 Rh6 36. Qa4+ b5 37. Rxf8 Rxh2+ 38. Kxh2 Qh5+ 39. Kg2 bxa4 0-1

[Event "HUN-ch rapid"]
[Site "Ajka"]
[Date "2018.07.22"]
[Round "12"]
[White "Prohaszka, Peter"]
[Black "Papp, Gellert"]
[Result "1-0"]
[WhiteElo "2610"]
[BlackElo "2305"]
[PlyCount "83"]
[EventDate "2018.07.20"]
[EventType "swiss (rapid)"]
[EventRounds "13"]
[EventCountry "HUN"]
[SourceTitle "EXT 2019"]
[Source "ChessBase"]
[SourceDate "2018.10.10"]
[SourceVersion "1"]
[SourceVersionDate "2018.10.10"]
[SourceQuality "1"]

1. d4 Nf6 2. c4 g6 3. g3 Bg7 4. Bg2 c5 5. Nf3 0-0 6. 0-0 cxd4 7. Nxd4 Nc6 8. Nc3 Ng4 9. e3 d6 10. Nde2 Bd7 11. b3 a6 12. h3 Nf6 13. Bb2 Rb8 14. Rc1 Qa5 15. Rc2 Rfc8 16. Rd2 Be8 17. a4 Nb4 18. Qa1 b5 19. axb5 Qxa1 20. Rxa1 axb5 21. cxb5 Bxb5 22. Nxb5 Rxb5 23. Ra7 Kf8 24. Nd4 Rb6 25. Ba3 Nbd5 26. g4 Nc3 27. Rc2 Ne8 28. b4 Bxd4 29. exd4 Rbb8 30. Ra5 Nf6 31. Bb2 Nd1 32. Rxc8+ Rxc8 33. Ba3 Nc3 34. b5 Rb8 35. Bc6 Ne2+ 36. Kg2 Nxd4 37. Bb2 Nxc6 38. bxc6 Ne8 39. Bd4 Rb4 40. Be3 Rc4 41. Bh6+ Kg8 42. Ra8 1-0

[Event "HUN-ch rapid"]
[Site "Ajka"]
[Date "2018.07.21"]
[Round "10"]
[White "Ruck, Robert"]
[Black "Papp, Gellert"]
[Result "0-1"]
[WhiteElo "2502"]
[BlackElo "2305"]
[PlyCount "92"]
[EventDate "2018.07.20"]
[EventType "swiss (rapid)"]
[EventRounds "13"]
[EventCountry "HUN"]
[SourceTitle "CBM 185 Extra"]
[Source "ChessBase"]
[SourceDate "2018.07.29"]
[SourceVersion "1"]
[SourceVersionDate "2018.07.29"]
[SourceQuality "1"]

1. Nf3 Nf6 2. c4 g6 3. d4 Bg7 4. g3 c5 5. Bg2 0-0 6. 0-0 cxd4 7. Nxd4 Nc6 8. Nc3 Ng4 9. e3 d6 10. Nde2 Bd7 11. Bd2 a6 12. a4 Rb8 13. h3 Nge5 14. b3 Nd3 15. Rb1 Ncb4 16. Nd4 Qc8 17. Kh2 Qc5 18. Qe2 e5 19. Nc2 Nxc2 20. Qxd3 Nb4 21. Qe2 Bc6 22. e4 Nc2 23. Qd3 Nb4 24. Qe2 Nc2 25. Bg5 Nd4 26. Qd3 b5 27. cxb5 axb5 28. b4 Qa7 29. a5 f5 30. Be3 f4 31. Bxd4 exd4 32. Nd5 Bxd5 33. exd5 Be5 34. Rbc1 Qe7 35. Bf3 fxg3+ 36. fxg3 Qg5 37. Bg2 h5 38. a6 h4 39. a7 Ra8 40. Rxf8+ Rxf8 41. Ra1 Ra8 42. Kh1 Bxg3 43. Qxb5 Be5 44. Qd3 Kg7 45. Qe4 Qg3 46. Kg1 Rf8 0-1

[Event "Zalakaros op 37th"]
[Site "Zalakaros"]
[Date "2018.05.29"]
[Round "5"]
[White "Papp, Gellert"]
[Black "Bai, Adelard"]
[Result "1/2-1/2"]
[WhiteElo "2325"]
[BlackElo "2042"]
[PlyCount "64"]
[EventDate "2018.05.25"]
[EventType "swiss"]
[EventRounds "9"]
[EventCountry "HUN"]
[SourceTitle "EXT 2019"]
[Source "ChessBase"]
[SourceDate "2018.10.10"]
[SourceVersion "1"]
[SourceVersionDate "2018.10.10"]
[SourceQuality "1"]

1. d4 Nf6 2. c4 d6 3. Nf3 Nbd7 4. Nc3 g6 5. g3 Bg7 6. Bg2 0-0 7. 0-0 e5 8. e4 Re8 9. h3 a6 10. Qc2 exd4 11. Nxd4 Nxe4 12. Nxe4 Bxd4 13. Bg5 f6 14. Rad1 c5 15. Be3 Bxe3 16. fxe3 Qe7 17. Kh2 Rf8 18. Nxd6 Ne5 19. Qe4 Kh8 20. b3 Rb8 21. Qd5 b6 22. Nxc8 Rfxc8 23. Qd6 Qxd6 24. Rxd6 f5 25. e4 fxe4 26. Bxe4 Re8 27. Bg2 b5 28. Rxa6 bxc4 29. bxc4 Nxc4 30. Ra7 Rf8 31. Re1 Rfe8 32. Rf1 Rf8 1/2-1/2

[Event "HUN-chT2 Erkel 1718"]
[Site "Hungary"]
[Date "2017.10.08"]
[Round "2.2"]
[White "Torok, Tamas Titusz"]
[Black "Papp, Gellert"]
[Result "0-1"]
[WhiteElo "2104"]
[BlackElo "2337"]
[PlyCount "74"]
[EventDate "2017.09.24"]
[EventType "team-tourn"]
[EventRounds "11"]
[EventCountry "HUN"]
[SourceTitle "EXT 2021"]
[Source "ChessBase"]
[SourceDate "2020.10.23"]
[SourceVersion "1"]
[SourceVersionDate "2020.10.23"]
[SourceQuality "1"]
[WhiteTeam "Pestszentlorinc"]
[BlackTeam "Szigetszentmiklos"]
[WhiteTeamCountry "HUN"]
[BlackTeamCountry "HUN"]

1. e4 c5 2. b3 Nc6 3. Bb2 d6 4. f4 Nf6 5. Nc3 Bg4 6. Nf3 Nd4 7. Be2 Bxf3 8. Bxf3 g6 9. 0-0 Bg7 10. Ne2 Qb6 11. Kh1 0-0 12. Nxd4 cxd4 13. Qe2 Nd7 14. c3 a5 15. cxd4 Bxd4 16. Bxd4 Qxd4 17. Rac1 Rfc8 18. Rxc8+ Rxc8 19. Qb5 Nc5 20. Qxa5 Nxe4 21. Bxe4 Qxe4 22. h3 Rc5 23. Qb6 Rc2 24. Qa5 b6 25. Qxb6 Rxd2 26. Qg1 Rxa2 27. Re1 Qb7 28. Re3 Rb2 29. Kh2 Rxb3 30. Rxb3 Qxb3 31. Qa7 Kf8 32. h4 h5 33. g3 Qc2+ 34. Kh3 Qc5 35. Qa1 Kg8 36. Kg2 e5 37. f5 Qc2+ 0-1